| 000 | 02140nam a22003497a 4500 | ||
|---|---|---|---|
| 001 | 102503 | ||
| 003 | KnowledgeUnlatched | ||
| 005 | 20210303105013.0 | ||
| 006 | m o d | ||
| 007 | cr u|||||||||| | ||
| 008 | 210129p20192019enk o u00| u eng d | ||
| 037 | _5BiblioBoard | ||
| 245 | 0 | 0 |
_aHippocrates Now _bThe 'Father of Medicine' in the Internet Age / _cHelen King. |
| 020 | _a9781350005914 | ||
| 029 | 1 | _ahttps://library.biblioboard.com/ext/api/media/5d8cb19c-c4b7-47eb-a619-16f3c5dfc5dc/assets/thumbnail.jpg | |
| 040 |
_aScCtBLL _cScCtBLL |
||
| 100 | 1 |
_aKing, Helen _eauthor. |
|
| 264 | 1 | _bBloomsbury Academic, | |
| 300 | _a1 online resource (1 p.) | ||
| 506 | 0 |
_aAccess copy available to the general public. _fUnrestricted _2star |
|
| 520 | _aThis book challenges widespread assumptions about Hippocrates (and, in the process, about ancient Greek medicine) and will also explore the creation of modern myths about the ancient world. Through the lens of reception studies Helen King considers what 'Hippocrates' means today. He features powerfully in our assumptions about ancient medicine, and our beliefs about what medicine - and the physician himself - should be. In ethics, as well as in actual treatments recommended by both orthodox and alternative medicine, 'Hippocrates' still features as a model to be emulated. Why do we continue to use him in this way, and how are new myths constructed around his name? And what can this tell us about popular engagements with the classical world today? | ||
| 588 | 0 | _aDescription based on print version record. | |
| 590 | _aKU Select 2018: HSS Frontlist Books | ||
| 650 | 7 |
_aMedical / History _2bisacsh |
|
| 650 | 0 | _aMedicine | |
| 655 | 0 | _aElectronic books. | |
| 758 |
_iIs found in: _aKnowledge Unlatched _1https://openresearchlibrary.org/module/2774bc74-146a-484f-a7ba-ab1d6a09bbfb |
||
| 856 | 4 | 0 |
_uhttps://openresearchlibrary.org/content/5d8cb19c-c4b7-47eb-a619-16f3c5dfc5dc _zView this content on Open Research Library. _70 |
| 999 |
_c33233 _d33233 |
||